| 000 | 00854cam a2200265 a 4500 | ||
|---|---|---|---|
| 001 | 3753237 | ||
| 005 | 20251211140808.0 | ||
| 008 | 821108s1983 nyua 000 0 eng | ||
| 020 |
_a0307420272 _qpbk. |
||
| 020 |
_a0307420280 _qhard |
||
| 020 |
_a9780307420275 _q(pbk.) |
||
| 020 |
_a9780307420282 _q(hard) |
||
| 050 | 0 | 0 |
_aTT778.C76 _bB35 1983 |
| 082 | 0 | 0 |
_a746.44 _219 |
| 100 | 1 | _aBaldwin, Edward A. | |
| 245 | 1 | 4 |
_aThe great counted cross-stitch book / _cEd & Stevie Baldwin. |
| 260 |
_aNew York, N.Y. : _bWestern Pub. Co., _cc1983. |
||
| 300 |
_a160 p. : _bill. (some col.) ; _c28 cm. |
||
| 500 | _aCover title: Golden, the great counted cross-stitch book. | ||
| 500 | _a"Created by the Family Workshop, Inc."--T.p. verso. | ||
| 650 | 0 | _aCross-stitch. | |
| 700 | 1 | _aBaldwin, Stevie. | |
| 710 | 2 | _aFamily Workshop, Inc. | |
| 942 |
_2lcc _cBK _n0 |
||
| 999 |
_c8555 _d8555 |
||